Red, White and Blue Country Flags in 90 Seconds - Statistics

General Stats
  • This quiz has been taken 81 times
  • The average score is 20 of 23
Answer Stats
flag country % Correct
Australia
100%
France
97%
Nepal
94%
Russia
94%
New Zealand
93%
United Kingdom
93%
Chile
90%
Netherlands
90%
United States
90%
Cambodia
87%
Iceland
87%
Luxembourg
87%
Norway
87%
Czechia
84%
Slovakia
84%
Thailand
84%
North Korea
82%
Cuba
81%
Taiwan
79%
Panama
76%
Liberia
75%
Laos
72%
Samoa
57%
No matching quizzes found
Score Distribution
Percent of People with Each Score
Percentile by Number Answered
Your Score History
You have not taken this quiz